| 000 | 00656nam a2200217Ii 4500 | ||
|---|---|---|---|
| 003 | JO-AjNU | ||
| 008 | 230606s9999||||xx |||||||||||||| ||und|| | ||
| 020 | _a978-0-19-437-20-77 | ||
| 040 |
_aJO-AjNU _beng _erda _cJO-AjNU |
||
| 041 | _aeng | ||
| 050 | 1 | 4 | _aP99.4.Y84 1996 |
| 100 | 3 |
_aYule,George تأليف, _eauthor _91994 |
|
| 245 | 0 | 0 | _aPragmatics :Oxford Introdution To Language Study |
| 250 | _a1 ed | ||
| 264 | 3 | 1 | _aNew York:Oxford University Press,1996 |
| 300 | _a138p | ||
| 336 |
_atext _btxt _2rdacontent |
||
| 337 |
_aunmediated _bn _2rdamedia |
||
| 338 |
_avolume _bnc _2rdacarrier |
||
| 650 | 4 |
_aAn Introduction To Language -Language _91995 |
|
| 999 |
_aE1048 _c1048 _d1048 |
||